000 01495nam a22003017a 4500
001 4545
003 FISKH
005 20260323121812.0
008 240913b cb ||||| |||| 00| 0 eng d
040 _aFISKH
_beng
_cFISKH
_dFISKH
050 _aPZ7
082 _a570
100 _aReaksmey, Am
245 _aសូភីទៅផ្សារ /
_cអាំ រស្មី
250 _aបោះពុម្ពលើកទី១ ខែមិថុនា ឆ្នាំ២០០៨
260 _aភ្នំពេញ :
_b កិច្ចសហប្រតិបត្តិការអភិវឌ្ឍន៍ប៊ែលហ្ស៊ិក ;
_c២០០៨ .
300 _a8 pages :
_bcolor illustrations ;
_c25 cm .
500 _aD
505 _aD
520 _aសុភីចង់ទិញសៀវភៅ ទើបនាងដើរទិញឥវ៉ាន់។ ម្តាយ និង​អ្នក​ជិត​ខាង​បាន​សុំ​ឱ្យ​នាង​ទិញ​របស់​មួយ​ឱ្យ​ពួក​គេ ។ តើនាងភ្លេចទិញអ្វី?
520 _aSophy wanted to buy a book, so she went shopping. Her mother and neighbours asked her to buy something for them. What did she forget to buy?
521 8 _a160
_bLexile estimate
521 8 _aD
_bRaz-Plus
650 _aសៀវភៅ
_vរឿងមិនពិត
650 _abooks
_vfiction
942 _2ddc
_cKHB
_n0
999 _c4545
_d4545